Billie Eilish - NDA lyrics - Statistics

General Stats
  • This quiz has been taken 536 times
  • The average score is 190 of 251
Answer Stats
Hint Answer % Correct
- I
99%
- a
98%
- you
98%
- You
98%
- go
96%
- me
96%
- to
96%
- save
94%
- but
93%
- Did
93%
- an
92%
- my
92%
- can
91%
- No
91%
- no
91%
- he
90%
- couldn't
89%
- let
89%
- NDA
88%
- can't
87%
- the
87%
- when
87%
- When
87%
- think
85%
- Think
85%
- for
84%
- Had
84%
- had
84%
- him
83%
- in
83%
- it
83%
- made
83%
- know
82%
- sign
82%
- Got
81%
- got
81%
- security
81%
- so
81%
- up
81%
- and
80%
- money
80%
- don't
79%
- show
79%
- On
78%
- boy
77%
- I'd
77%
- his
75%
- need
75%
- say
75%
- stay
75%
- 17
74%
- street
74%
- was
74%
- keys
73%
- party
73%
- pretty
73%
- since
73%
- too
73%
- way
73%
- far
72%
- now
72%
- Now
72%
- like
71%
- limousine
71%
- down
70%
- house
70%
- out
70%
- stalker
70%
- walking
70%
- Haven't
69%
- Yeah
69%
- bought
68%
- he's
68%
- over
68%
- Satan
68%
- secret
68%
- take
68%
- crave
66%
- meet
66%
- stars
66%
- Stars
66%
- he'd
64%
- saw
64%
- Says
64%
- want
63%
- Want
63%
- oh
60%
- get
59%
- are
58%
- what
57%
- hard
56%
- heart
56%
- having
55%
- about
54%
- 'Cause
54%
- took
54%
- hit
53%
- shit
53%
- new
48%
- where
48%
- Didn't
46%
- hate
46%
- here
46%
- should
46%
- Somewhere
45%
- career
44%
- fun
44%
- I've
44%
- 30
43%
- another
43%
- enough
43%
- disappear
42%
- good
42%
- Maybe
42%
- Once
42%
- year
42%
- barely
40%
- change
40%
- dark
40%
- getting
40%
- sold
40%
- At
39%
- been
39%
- cry
39%
- gave
39%
- number
39%
- older
39%
- outside
39%
- thought
39%
- future
38%
- shut
38%
- How'd
36%
- mouth
36%
- Under
36%
- something
35%
- least
34%
- Kauai
23%
- give
22%
No matching quizzes found
Score Distribution
Percent of People with Each Score
Percentile by Number Answered
Your Score History
You have not taken this quiz